000 00346cam a22001097a 4500
008 180718b1993 xxu||||| |||| 00| 0 eng d
082 _aB71103x5412 A/R
100 _aWest Bengal. Panchayat Department
245 _aThe West Bengal panchayat (constitution) rules, 1975 (corrected upto 1993)
260 _aCalcutta
_bThe author
_c1993
300 _a21p.
999 _c488577
_d488577